|
|
|
|
| LEADER |
01392nam a22002897a 4500 |
| 001 |
40823 |
| 003 |
BD-DhAAL |
| 008 |
230205r20222014bg ||||| b||| 00| 0 ben d |
| 020 |
|
|
|a 9789849091912
|
| 040 |
|
|
|a BD-DhAAL
|c BD-DhAAL
|
| 041 |
|
|
|a ben
|
| 082 |
|
|
|a 891.442
|2 23
|
| 100 |
|
|
|a দীন, সেলিম আল
|9 53567
|
| 245 |
|
|
|a কিত্তনখোলা /
|c সেলিম আল দীন.
|
| 246 |
|
|
|a Kitthonkhola (a drama)
|
| 260 |
|
|
|a ঢাকা :
|b মাওলা ব্রাদার্স,
|c ২০১৪ [চতুর্থ মুদ্রণ ২০২২].
|
| 300 |
|
|
|a ১১৮ পৃষ্ঠা ;
|c ২২ সে.মি.
|
| 504 |
|
|
|a গ্রন্থপঞ্জিগত নির্দেশিকা অন্তর্ভুক্ত।
|
| 526 |
|
|
|a GenEd
|
| 541 |
|
|
|a Development Book Agency
|e 40823, 40824
|
| 650 |
|
|
|a Bengali drama.
|
| 650 |
|
|
|a Bengali literature.
|
| 852 |
|
|
|a Ayesha Abed Library
|c General Stacks
|
| 942 |
|
|
|2 ddc
|c BK
|
| 999 |
|
|
|c 45384
|d 45384
|
| 952 |
|
|
|0 0
|1 0
|2 ddc
|4 0
|6 891_442000000000000_DEE
|7 0
|9 72987
|a SCL
|b SCL
|c GEN
|d 2023-01-15
|e Development Book Agency
|g 176.00
|l 1
|o 891.442 DEE
|p 3020040824
|r 2026-04-12
|s 2025-02-17
|t 2
|v 176.00
|w 2023-01-15
|y BK
|
| 952 |
|
|
|0 0
|1 0
|2 ddc
|4 0
|6 891_442000000000000_DEE
|7 0
|9 72988
|a SCL
|b SCL
|c GEN
|d 2023-01-15
|e Development Book Agency
|g 176.00
|l 0
|o 891.442 DEE
|p 3020040823
|r 2023-01-15
|t 1
|v 176.00
|w 2023-01-15
|y BK
|